000
00198 a2200097 4500
001
49672
100
_a
Boas
245
_a
Anthology of wit
260
_a
London
_b
Macmillan
_c
090
_c
32183
_d
32183
942
_a
NUST-CAE
_c
M
_c
24651
999
_c
284745
_d
284745